Statistiques concernant Les personnalités préférées des français 2016

Cliquez ici pour prendre le quiz!

Statistiques générales

  • Ce quiz a été pris 329 fois
  • Le résultat moyen est 10 sur 50

Statistiques - réponses

HintRéponse% Correct
1Omar Sy
71%
2Jean-Jacques Goldman
66%
23Yannick Noah
43%
50Emmanuel Macron
41%
6Antoine Griezmann
40%
30Mimie Mathy
40%
11Gad Elmaleh
39%
15Jean Dujardin
38%
12Nagui
37%
48Nicolas Sarkozy
36%
13Dany Boon
34%
37Jamel Debbouze
34%
8Florence Foresti
30%
22Didier Deschamps
29%
25Jean-Pierre Pernaut
29%
45Marion Cotillard
27%
10Teddy Riner
25%
35Patrick Bruel
23%
14Florent Pagny
21%
7Sophie Marceau
21%
27Franck Dubosc
20%
9Renaud
20%
26M.Pokora
19%
29Francis Cabrel
17%
36Michel Sardou
17%
42Tony Parker
17%
40Yann Barthès
17%
34Louane
16%
5Jean Reno
15%
3Simone Veil
15%
49Alain Juppé
14%
33Charles Aznavour
12%
28Gérard Jugnot
12%
4Michel Cymes
12%
20Stephane Bern
12%
24Mylène Farmer
11%
46Laurent Delahousse
10%
17Jean-Paul Belmondo
9%
39Alain Souchon
8%
43Daniel Auteuil
8%
18Nicolas Hulot
8%
32Josiane Balasko
7%
44Nolwenn Leroy
7%
21Laurent Gerra
5%
38Nicolas Canteloup
5%
41Jean-Louis Aubert
4%
31Bernard Pivot
3%
16Fabrice Luchini
3%
19Jean Rochefort
2%
47Robert Badinter
1%

Distribution des résultats

Percentile par nombre de réponses

% des personnes avec chaque résultat

Votre développement - résultats

Vous n’avez pas pris ce quiz